Statistics for Five Biggest Oil Consuming Countries by Continent

Click here to take the quiz!

General Stats

  • This quiz has been taken 2,067 times
  • The average score is 27 of 29

Answer Stats

ContinentBarrels / DayCountry% Correct
North America19,840,000United States
99%
North America2,259,000Canada
98%
Asia9,790,000China
98%
North America2,133,000Mexico
98%
Asia/Europe3,196,000Russia
98%
Oceania1,023,000Australia
97%
South America2,594,000Brazil
97%
Europe1,792,000France
97%
Europe2,400,000Germany
97%
Oceania148,900New Zealand
96%
South America678,100Argentina
95%
Africa816,300Egypt
95%
Asia3,509,000India
95%
Europe1,384,000Spain
95%
South America287,000Colombia
94%
Europe1,454,000Italy
94%
Africa590,900South Africa
94%
South America321,700Chile
93%
Asia4,464,000Japan
92%
South America571,000Venezuela
92%
Oceania17,810Fiji
90%
North America150,200Cuba
89%
Africa271,600Nigeria
89%
Oceania36,320Papua New Guinea
88%
Africa316,400Algeria
87%
Asia2,817,000Saudi Arabia
83%
Oceania1,728Solomon Islands
80%
Africa314,000Libya
76%
North America122,300Dominican Republic
74%

Score Distribution

Percentile by Number Answered

Percent of People with Each Score

Your Score History

You have not taken this quiz